| 000 | 01038nam a22002175i 4500 | ||
|---|---|---|---|
| 001 | 160513 | ||
| 003 | ES-MaACL | ||
| 005 | 20250825193804.0 | ||
| 008 | 020326s1857 sp |||| | spa d | ||
| 040 |
_aCAM _bspa _cCAM |
||
| 100 | 1 |
_aNavarrete, Ramón de, _d1818-1897 _985042 |
|
| 245 | 1 | 3 |
_aLa corte de Mónaco _b: zarzuela en dos actos / _cletra de Ramon de Navarrete ; musica del maestro Baltasar Saldoni. |
| 260 |
_aMadrid : _b[s.n.], _c1857 ( _fImprenta de José Rodriguez) |
||
| 300 |
_a44 p. ; _c20 cm. |
||
| 500 | _aEn port.: Estrenada en el teatro de la Zarzuela en febrero de 1857. | ||
| 500 | _aSolo la letra. | ||
| 596 | _aEn verso de la port. consta: "... Gullon y Regoyos, directores de la galería lírico-dramática El Teatro ..." | ||
| 700 | 1 |
_aSaldoni, Baltasar, _d1807-1889 _9132330 |
|
| 852 |
_aES-MaACL _jF-8621(15) _z-- Enc. pasta española _q-- Falto de la cub. original _z-- Enc. en un vol. facticio formando parte de la col. facticia "Teatro español moderno", vol. 76 |
||
| 999 |
_c160513 _d160513 |
||